[Event "CFriend RL-2004-0-00020 email"]
[Site "Chessfriend.com"]
[Date "2004.03.16"]
[Round "?"]
[White "Aalto, Sakari"]
[Black "Van Alphen, John"]
[Result "1/2-1/2"]
[WhiteElo "1089"]
[BlackElo "1507"]
[PlyCount "103"]
[EventDate "2004.??.??"]
[EventType "tourn (corr)"]
[EventRounds "6"]
[SourceTitle "Corr 2008"]
[Source "ChessBase"]
[SourceDate "2008.06.24"]
[SourceVersion "1"]
[SourceVersionDate "2008.06.24"]
[SourceQuality "1"]

1. e4 e5 2. f4 Nc6 3. Nf3 exf4 4. d4 g5 5. d5 g4 6. dxc6 gxf3 7. cxd7+ Bxd7 8. Qxf3 Bd6 9. Bxf4 Qf6 10. Bc1 Qxf3 11. gxf3 f5 12. Nc3 Bb4 13. Bd2 fxe4 14. fxe4 Nf6 15. 0-0-0 0-0-0 16. Bd3 Ng4 17. Rdf1 Be6 18. a3 Bc5 19. Nd1 Ne5 20. Bc3 Nxd3+ 21. cxd3 Rhg8 22. Rf3 Bg4 23. Rg3 h5 24. h3 Bd7 25. Rf3 Ba4 26. Bf6 Rdf8 27. Nc3 Bb3 28. Ne2 Rg2 29. Kd2 Bd4 30. Rhf1 Bb6 31. d4 Rxf6 32. Rxf6 Bxd4 33. Rf8+ Kd7 34. Kd3 Bxb2 35. Rb1 Bxa3 36. Rf5 Bc2+ 37. Kxc2 Rxe2+ 38. Kd3 Rh2 39. Rxh5 b6 40. Rg1 a5 41. e5 Kc6 42. e6 Bb4 43. Rh7 Rd2+ 44. Ke3 Rd8 45. Rc1+ Bc5+ 46. Ke4 a4 47. h4 a3 48. h5 Rd4+ 49. Kf5 Rd5+ 50. Kg6 Re5 51. Kf6 Re2 52. h6 1/2-1/2

[Event "CFriend RL-2004-0-00020 email"]
[Site "Chessfriend.com"]
[Date "2004.03.16"]
[Round "?"]
[White "Werbrouck, Jean Michel"]
[Black "Aalto, Sakari"]
[Result "0-1"]
[WhiteElo "1470"]
[BlackElo "1089"]
[PlyCount "32"]
[EventDate "2004.??.??"]
[EventType "tourn (corr)"]
[EventRounds "6"]
[SourceTitle "Corr 2008"]
[Source "ChessBase"]
[SourceDate "2008.06.24"]
[SourceVersion "1"]
[SourceVersionDate "2008.06.24"]
[SourceQuality "1"]

1. e4 c6 2. d4 d5 3. exd5 cxd5 4. c4 e6 5. Nc3 Bb4 6. Qa4+ Nc6 7. cxd5 exd5 8. Bb5 Nge7 9. Nf3 0-0 10. Ne5 Nxd4 11. a3 Bxc3+ 12. bxc3 Nxb5 13. Qxb5 Qc7 14. Bf4 Qxc3+ 15. Ke2 Nf5 16. Qxd5 Nd4+ 0-1

[Event "IECG Q3.2001.0.00097"]
[Site "IECG email"]
[Date "2001.01.18"]
[Round "?"]
[White "MacFarlane, Martin"]
[Black "Aalto, Sakari"]
[Result "1/2-1/2"]
[WhiteElo "1153"]
[BlackElo "1300"]
[PlyCount "118"]
[EventDate "2001.01.18"]
[EventType "tourn (corr)"]
[EventRounds "6"]
[SourceTitle "Corr 2008"]
[Source "ChessBase"]
[SourceDate "2008.06.24"]
[SourceVersion "1"]
[SourceVersionDate "2008.06.24"]
[SourceQuality "1"]

1. c4 e5 2. Nc3 Nf6 3. g3 Bb4 4. Bg2 0-0 5. e4 Bxc3 6. bxc3 c6 7. Ne2 d5 8. cxd5 cxd5 9. d4 dxe4 10. Ba3 Re8 11. dxe5 Ng4 12. Bxe4 Qa5 13. Bd6 Nxe5 14. 0-0 Nbc6 15. Qc2 f5 16. Bxc6 bxc6 17. Nd4 Qd5 18. Bxe5 Rxe5 19. Rfd1 Re7 20. Nb3 Qe5 21. Rd8+ Re8 22. Rad1 Be6 23. Rxa8 Rxa8 24. Nd4 Qd5 25. Re1 Bd7 26. f4 g6 27. Re5 Qc4 28. Qb3 Qxb3 29. axb3 Kf8 30. b4 Rc8 31. Kf2 c5 32. bxc5 a5 33. c6 Bxc6 34. Rxa5 Be4 35. Ne6+ Ke7 36. Ng5 h6 37. Nxe4 fxe4 38. Ke3 Rxc3+ 39. Kxe4 Rc2 40. h4 Rc6 41. h5 Kf6 42. hxg6 Kxg6 43. g4 Kf7 44. Ra7+ Kf6 45. Kd5 Rb6 46. Rc7 Rb5+ 47. Rc5 Rb4 48. Rc4 Rb5+ 49. Ke4 Rb6 50. Ra4 Re6+ 51. Kf3 Rb6 52. Kg3 Rb1 53. Ra6+ Kg7 54. f5 Rg1+ 55. Kf3 Rf1+ 56. Ke3 h5 57. Ke4 hxg4 58. Ke5 g3 59. Rg6+ Kf7 1/2-1/2

[Event "IECG Q3.2000.0.00085"]
[Site "IECG email"]
[Date "2000.08.28"]
[Round "?"]
[White "Jarrod, Henry"]
[Black "Aalto, Sakari"]
[Result "1-0"]
[WhiteElo "1000"]
[BlackElo "1300"]
[PlyCount "31"]
[EventDate "2000.08.28"]
[EventType "tourn (corr)"]
[EventRounds "6"]
[SourceTitle "Corr 2008"]
[Source "ChessBase"]
[SourceDate "2008.06.24"]
[SourceVersion "1"]
[SourceVersionDate "2008.06.24"]
[SourceQuality "1"]

1. e4 c6 2. d4 d5 3. e5 Bf5 4. Nc3 Qb6 5. Nf3 e6 6. Na4 Qc7 7. Be2 Nd7 8. 0-0 f6 9. Bf4 Ne7 10. c4 Ng6 11. Qd2 fxe5 12. dxe5 Ndxe5 13. Bxe5 Nxe5 14. Nxe5 Qxe5 15. Rfe1 Bd6 16. Bh5+ 1-0

[Event "IECG Q3.2000.0.00085"]
[Site "IECG email"]
[Date "2000.08.28"]
[Round "?"]
[White "Medina, Pedro"]
[Black "Aalto, Sakari"]
[Result "1-0"]
[WhiteElo "1250"]
[BlackElo "1300"]
[PlyCount "27"]
[EventDate "2000.08.28"]
[EventType "tourn (corr)"]
[EventRounds "6"]
[SourceTitle "Corr 2008"]
[Source "ChessBase"]
[SourceDate "2008.06.24"]
[SourceVersion "1"]
[SourceVersionDate "2008.06.24"]
[SourceQuality "1"]

1. e4 c6 2. d4 d5 3. Nc3 dxe4 4. Nxe4 Nf6 5. Nxf6+ gxf6 6. Nf3 Bg4 7. Be2 Nd7 8. Bf4 Qa5+ 9. c3 Qh5 10. h3 Rg8 11. Kd2 Be6 12. Ng5 Qg6 13. Nxe6 fxe6 14. Bh5 1-0

[Event "IECG Q3.2000.0.00083"]
[Site "IECG email"]
[Date "2000.08.14"]
[Round "?"]
[White "Aalto, Sakari"]
[Black "Chuprys, Viktar"]
[Result "1-0"]
[WhiteElo "1300"]
[BlackElo "1079"]
[PlyCount "87"]
[EventDate "2000.08.14"]
[EventType "tourn (corr)"]
[EventRounds "6"]
[SourceTitle "Corr 2008"]
[Source "ChessBase"]
[SourceDate "2008.06.24"]
[SourceVersion "1"]
[SourceVersionDate "2008.06.24"]
[SourceQuality "1"]

1. e4 e5 2. f4 Bc5 3. Nf3 d6 4. Nc3 Nf6 5. Bc4 Bg4 6. fxe5 Bxf3 7. Qxf3 dxe5 8. Qg3 Qe7 9. Nd5 Nxd5 10. Bxd5 c6 11. Qxg7 Rf8 12. Bb3 Qh4+ 13. Kd1 Nd7 14. d3 Qh5+ 15. Ke1 0-0-0 16. Qg5 Qg6 17. Rf1 f6 18. Qxg6 hxg6 19. Be6 Kc7 20. Bd2 Rh8 21. h3 Rdf8 22. b4 Be7 23. c3 c5 24. Rb1 cxb4 25. cxb4 Kd6 26. Bd5 b5 27. Rc1 Rc8 28. Ke2 Nb6 29. Bb7 Rxc1 30. Rxc1 Rb8 31. Ba6 Na8 32. Be3 Nc7 33. Bc5+ Ke6 34. Bxa7 Nxa6 35. Rc6+ Kd7 36. Rxa6 Ra8 37. a3 Kc7 38. Bb6+ Kb7 39. Rxa8 Kxa8 40. Bc5 Bd8 41. g4 g5 42. Bf2 Kb7 43. h4 Kc8 44. h5 1-0

[Event "IECG Q3.2000.0.00083"]
[Site "IECG email"]
[Date "2000.08.14"]
[Round "?"]
[White "Aalto, Sakari"]
[Black "Lopez Perez, Oscar"]
[Result "0-1"]
[WhiteElo "1300"]
[BlackElo "1347"]
[PlyCount "26"]
[EventDate "2000.08.14"]
[EventType "tourn (corr)"]
[EventRounds "6"]
[SourceTitle "Corr 2008"]
[Source "ChessBase"]
[SourceDate "2008.06.24"]
[SourceVersion "1"]
[SourceVersionDate "2008.06.24"]
[SourceQuality "1"]

1. e4 e5 2. f4 exf4 3. Nf3 g5 4. h4 g4 5. Ne5 Nf6 6. d4 d6 7. Nd3 Nxe4 8. Bxf4 Bg7 9. c3 0-0 10. Nd2 Nxd2 11. Kxd2 c5 12. d5 c4 13. Nf2 Qb6 0-1

[Event "IECG Q3.2000.0.00083"]
[Site "IECG email"]
[Date "2000.08.14"]
[Round "?"]
[White "Lopez Perez, Oscar"]
[Black "Aalto, Sakari"]
[Result "1-0"]
[WhiteElo "1347"]
[BlackElo "1300"]
[PlyCount "49"]
[EventDate "2000.08.14"]
[EventType "tourn (corr)"]
[EventRounds "6"]
[SourceTitle "Corr 2008"]
[Source "ChessBase"]
[SourceDate "2008.06.24"]
[SourceVersion "1"]
[SourceVersionDate "2008.06.24"]
[SourceQuality "1"]

1. e4 c6 2. d4 d5 3. Nc3 dxe4 4. Nxe4 Nf6 5. Nxf6+ gxf6 6. Nf3 Bg4 7. Be2 Qc7 8. Nh4 Bxe2 9. Qxe2 e6 10. Bd2 Nd7 11. 0-0-0 0-0-0 12. Rhe1 Nb6 13. Nf3 Nd5 14. c4 Nb6 15. Ba5 Bh6+ 16. Kb1 c5 17. d5 Rhe8 18. Qe4 f5 19. Qh4 Qf4 20. Qf6 Rg8 21. Qxf7 Bg7 22. d6 Kb8 23. Bxb6 axb6 24. Qc7+ Ka8 25. Re3 1-0